Szczegóły MARC21

Schizofrenia : informator dla chorych i ich rodzin /

003 -Nazwa inst., której nr kontr. jest w polu 001 [,]
    • @
    • Nazwa instytucji, której n kontrolny jest w polu 001
    • NUKAT
005 -DATA I CZAS OSTATNIEJ MODYFIKACJI [,]
    • @
    • pole kontrolne
    • 20241231111213.0
020 -Międzynarod. znormalizowany nr książki - ISBN [ , ]
    • a
    • Numer ISBN
    • 8371742150 Find
040 -Instytucja sporządzająca opis [ , ]
    • a
    • Instytucja, która sporządziła opis (NP)
    • Ł U/MG
    • c
    • Instytucja, która sporządziła rekord (NP)
    • Ł U/MG
    • d
    • Instytucja, która zmodyfikowała rekord (P)
    • Ł U/MK
    • d
    • Instytucja, która zmodyfikowała rekord (P)
    • Ł U/MRs
942 -Rodzaj dokumentu [ , ]
    • c
    • Rodzaj dokumentu
    • Książka
100 -Hasło główne - nazwa osobowa [1, ]
    • a
    • Nazwa osobowa (NP)
    • Szostak, Grażyna E.
    • 9
    • KHW
    • 714558
245 -Strefa tytułu i oznaczenia odpowiedzialności [1,0]
    • a
    • Tytuł
    • Schizofrenia : Find
    • b
    • Ciąg dalszy tytułu (NP)
    • informator dla chorych i ich rodzin / Find
    • c
    • Pozostałe elementy strefy tytułu i oznaczenia odpowiedzialności (NP)
    • Grażyna E. Szostak.
260 -Strefa adresu wydawniczego [ , ]
    • a
    • Miejsce wydania (P)
    • Toruń :
    • b
    • Nazwa wydawcy (P)
    • Wydawnictwo Adam Marszałek,
    • c
    • Data wydania (P)
    • cop. 1999.
300 -Strefa opisu fizycznego [ , ]
    • a
    • Określenie formy książki i/lub objętość (NP)
    • 17 s. ;
    • c
    • Format (NP)
    • 21 cm.
336 -Typ zawartości [ , ]
    • a
    • Termin opisujący typ zawartości
    • Tekst
    • b
    • Kod określający zawartość
    • txt
    • 2
    • Źródło (terminu i kodu)
    • rdacontent
337 -Typ mediów [ , ]
    • a
    • Tryb odtwarzania
    • Bez urządzenia pośredniczącego
    • b
    • Kod typu mediów
    • n
    • 2
    • Źródło (terminu i kodu)
    • rdamedia
338 -Typ/rodzaj nośnika [ , ]
    • a
    • Hasło opisujące typ nośnika
    • Wolumin
    • b
    • Kod typu nośnika
    • nc
    • 2
    • Źródło (terminu i kodu)
    • rdacarrier
500 -Uwaga ogólna [ , ]
    • a
    • Uwaga ogólna (NP)
    • Na okł. podtyt.: Poradnik dla chorego i jego rodziny.
504 -Uwaga dot. bibliogr. załącznikowej [ , ]
    • a
    • Uwaga dot. bibliografii załącznikowej
    • Bibliogr. s. 17.
080 -Uniwersalna Klasyfikacja Dziesiętna [ , ]
    • a
    • Symbol klasyfikacji
    • 616.895
    • 9
    • UKD
    • 4778
    • 2
    • Identyfikator wydania tablic
    • UDC-P058
    • b
    • Dopowiedzenie
    • Choroby psychiczne o przyczynie psychogennej. Psychoza maniakalno-depresyjna. Melancholia. Paranoja.
650 -Hasło przedmiotowe [ ,7]
    • a
    • Hasło przedmiotowe
    • Schizofrenia
    • v
    • Określnik formalny
    • poradniki.
    • 2
    • Źródło terminu
    • kaba
    • 9
    • KHW
    • 714720
980 -Symbol UKD [ , ]
    • a
    • UKD
    • 616.895
710 -Hasło dodatkowe - nazwa ciała zbiorowego [2, ]
    • a
    • Nazwa ciała zbiorowego lub nazwa geograficzna jako pierwszy element (NP)
    • Wydawnictwo Adam Marszałek.
    • 4
    • Kod relacji
    • pbl
    • 9
    • KHW
    • 53600
920 -ISBN [ , ]
    • a
    • ISBN
    • 83-7174-215-0 Find
Numer inwentarzowy Status udost. Lokalizacja Data inwentaryzacji
Pd.139781BG2001-07-02